Legal English: For the Students and Teachers of Law and Advocates (Record no. 349157)

MARC details
000 -LEADER
fixed length control field 00371nam a2200133Ia 4500
008 - FIXED-LENGTH DATA ELEMENTS--GENERAL INFORMATION
fixed length control field 230511s2009 xx 000 0 und d
041 ## - LANGUAGE CODE
Language code of text/sound track or separate title eng
082 ## - DEWEY DECIMAL CLASSIFICATION NUMBER
Classification number 420
100 ## - MAIN ENTRY--PERSONAL NAME
Personal name Ratawade Rajaram S
245 ## - TITLE STATEMENT
Title Legal English: For the Students and Teachers of Law and Advocates
260 ## - PUBLICATION, DISTRIBUTION, ETC.
Place of publication, distribution, etc. Pune
Name of publisher, distributor, etc. Hind Law House
Date of publication, distribution, etc. 2009
300 ## - PHYSICAL DESCRIPTION
Extent 142
906 ## - LOCAL DATA ELEMENT F, LDF (RLIN)
a English for law students
Holdings
Withdrawn status Lost status Damaged status Not for loan Home library Current library Shelving location Date acquired Source of acquisition Cost, normal purchase price Total Checkouts Full call number Barcode Date last seen Price effective from Koha item type
        New Law College, Kolhapur New Law College, Kolhapur   11/05/2023 Bharati Madhyavarti Sahakari Grahak Bhandar Ltd. 100.00   420 NLK-5177 11/05/2023 11/05/2023 Textbook